Tratado de derecho administrativo / Fernando Garrido Falla
Descripción Física:
v. ; 21 cm
Materias:
Dret administratiu
MARC
| LEADER | 00000nam a2200000Ia 4500 | ||
|---|---|---|---|
| 001 | 20667 | ||
| 008 | 160829s1983 xx 000 0 cat d | ||
| 080 | |a D-4-21 | ||
| 100 | |a Garrido Falla, Fernando |9 28280 | ||
| 245 | |a Tratado de derecho administrativo / Fernando Garrido Falla | ||
| 250 | |a 6a ed., 1a reimp. | ||
| 260 | |a Madrid : |b Centro de Estudios Constitucionales, |c 1983 | ||
| 300 | |a v. ; |c 21 cm | ||
| 590 | |a Conté: v. 2: Parte general, conclusión | ||
| 650 | 0 | |a Dret administratiu |9 7957 | |
| 710 | 2 | |a Centro de Estudios Constitucionales (Espanya) |9 54517 | |
| 866 | |a 2 | ||
| 901 | |a Arxiu | ||
| 942 | |n 1 | ||
| 952 | |0 1 |1 0 |2 udc |4 0 |5 2 |6 D421 |7 1 |9 48314 |a Arxiu |b Arxiu |d 2016-12-01 |l 0 |o D-4-21 |p 20667 |r 2016-12-01 00:00:00 |w 2016-12-01 |y ARXIU | ||
| 999 | |c 52120 |d 52120 | ||